00336pab a2200109 454500008003600000100002100036245008000057300001300137650002900150650001300179773003400192180718b xxu||||| |||| 00| 0 eng d aTeltumbde, Anand aMukhiya's assassination: Jungle justice in the face of systematic injustice ap.10-12. aHomicide - India - Bihar aHomicide aEconomic and Political Weekly